Score 0/33 Timer 03:00
3 Plays Today
Clue Word % Correct
A group that plays musicBAND
98.8%
● You need this to give a high-five ●●HAND●
98.6%
The opposite of allNONE
94.6%
● Largest single digit number ●●NINE●
93.4%
● To hit something with your foot ●●KICK●
87.7%
ChoosePICK
84.2%
● Nudge someone with a finger ●●POKE●
82.4%
Medal for first placeGOLD
79.4%
● One-third of a yard ●●FOOT●
79.3%
American automakerFORD
79.1%
Building for defenceFORT
78.2%
● A relaxing sport on the green ●●GOLF●
77.8%
Secret agent JamesBOND
77.4%
Your superiorBOSS
76.9%
This animal can't blow down brick housesWOLF
76.9%
Bend over on itselfFOLD
74.7%
A dog's barkWOOF
72.9%
Clue Word % Correct
Femur or tibiaBONE
70.6%
Single sheet of glassPANE
69.8%
Chimney residueSOOT
67.3%
A sharp twist in somethingKINK
61.4%
Slang interjection to express happinessWOOT
59.7%
Shouts of displeasureBOOS
59.2%
Archaic plural of cowKINE
58.7%
Unleavened cornbreadPONE
58.6%
● Former Nirvana drummer now plays in a band known to fight these ●●FOOS●
57.3%
A long spear not meant for throwingPIKE
51.7%
A former coin of British IndiaPICE
48.9%
The lowest frequency output of a radioBASS
46.8%
A cause of annoyanceBANE
43.1%
● Easy to compress and mold ●●SOFT●
36.9%
● Fortress ●●BASE●
35.4%
COMMON BOND TO ● WORDS●BALL●
21%

Today's Daily Dose

Missing Word
I Hardly Know Her!

Word Ladder
Sentence Ending

Quick Pick
Female Firsts

Get the Picture
Triathlon Sports

Remove Ads.
Support Sporcle.
Get the best of Sporcle when you Go Orange. This ad-free experience offers more features, more stats, and more fun while also helping to support Sporcle. Thank you for becoming a member.

You're not logged in!

Compare scores with friends on all Sporcle quizzes.
OR
Log In

Show Comments

Extras

Top Quizzes Today


Score Distribution

Your Account Isn't Verified!

In order to create a playlist on Sporcle, you need to verify the email address you used during registration. Go to your Sporcle Settings to finish the process.

Report this User

Report this user for behavior that violates our Community Guidelines.

Details: